Rozdiely v účtovaní obchodných spoločností a družstiev
Obchodné spoločnosti a družstvá založené s cieľom podnikania účtujú podľa opatrenia MF SR č. 23054/2002-92 zo 16. decembra 2002, ktorým sa ustanovujú podrobnosti o postupoch účtovania a rámcovej účtovej osnove pre podnikateľov účtujúcich v sústave podvojného účtovníctva v znení neskorších predpisov.
Gespeichert in:
| 1. Verfasser: | |
|---|---|
| Format: | Buchkapitel |
| Sprache: | Slowakisch |
| Schlagworte: | |
| Tags: |
Keine Tags, Fügen Sie das erste Tag hinzu!
|
MARC
| LEADER | 00000naa a2200000 4500 | ||
|---|---|---|---|
| 001 | 0253520 | ||
| 005 | 20221104111129.0 | ||
| 041 | 0 | |a slo | |
| 044 | |a SK | ||
| 245 | 1 | 0 | |a Rozdiely v účtovaní obchodných spoločností a družstiev |c Anton Kolembus |
| 520 | |a Obchodné spoločnosti a družstvá založené s cieľom podnikania účtujú podľa opatrenia MF SR č. 23054/2002-92 zo 16. decembra 2002, ktorým sa ustanovujú podrobnosti o postupoch účtovania a rámcovej účtovej osnove pre podnikateľov účtujúcich v sústave podvojného účtovníctva v znení neskorších predpisov. | ||
| 610 | 2 | 0 | |a účtovanie |
| 610 | 2 | 0 | |a osnova účtová |
| 610 | 2 | 0 | |a spoločnosti obchodné |
| 610 | 2 | 0 | |a družstvá |
| 610 | 2 | 0 | |a postupy účtovné |
| 100 | 1 | |a Kolembus, Anton | |